Poorly Explained Movie Plots (Titles) - Statistics

General Stats
  • This quiz has been taken 946 times
  • The average score is 7 of 15
Answer Stats
Hint Movie % Correct
Mentally challenged man becomes a shrimp industry tycoon. Forrest Gump
83%
A young boy's playthings come to life and join forces in an effort terrorize a neighbor. Toy Story
75%
Old man pretends to be bed-ridden for years until he gets a chance at some free chocolate. Willy Wonka and the Chocolate Factory
73%
Depressed, widowed father teams up with mentally challenged female to find his disabled son. Finding Nemo
59%
Fed Ex exec leaves career and fiancée to go live alone in a tropical paradise. Cast Away
58%
Divorced man loses custody of his children before becoming a cross-dressing au pair. Mrs. Doubtfire
58%
A baby dies of old age. The Curious Case of Benjamin Button
58%
Mysteriously transported to a strange new world, a young woman kills the first person she meets and then teams up with three strangers to kill again. The Wizard of Oz
39%
Aliens learn they shouldn't have skimped on anti-virus software. Independence Day
35%
Older sister ruins younger sister's chance to be on nationally televised game show. The Hunger Games
30%
Businesswoman faces supply chain issues when starting a new black and white clothing line. 101 Dalmatians
23%
Man wearing pantyhose stalks a New York City businessman and his family. Elf
19%
Bored rich girl has time of her life betraying her father's trust in order to help a woman get an abortion. Dirty Dancing
16%
Divorced father accidentally kills a senior citizen, then steals his identity. The Santa Clause
16%
A wise-cracking boiler technician teaches high school students that dreams really do come true. Nightmare on Elm Street
10%
No matching quizzes found
Score Distribution
Percent of People with Each Score
Percentile by Number Answered
Your Score History
You have not taken this quiz